Get in the go zone making the most of me

Uloženo v:
Podrobná bibliografie
Hlavní autor: McKeon, Mark
Médium: Kniha
Jazyk:English
Vydáno: Petaling Jaya, Selangor Advantage Quest Pub. 2012
Témata:
Tagy: Přidat tag
Žádné tagy, Buďte první, kdo otaguje tento záznam!
LEADER 00763pam a2200205 4500
001 0000046106
008 140606s2012 my eng
020 |a 9789670484006 
090 0 0 |a BD450  |b .M53 2012 
100 1 |a McKeon, Mark  |9 116507 
245 1 0 |a Get in the go zone  |b making the most of me  |c  /Mark Mckeon 
260 |a Petaling Jaya, Selangor  |b Advantage Quest Pub.  |c 2012 
300 |a ix, 108p.  |c 22cm 
650 0 |a Self-consciousness (Awareness)  |9 116508 
650 0 |a Work-life balance  |9 114048 
650 0 |a Self-management (Psychology)  |9 62159 
998 0 0 |a am/060614 
999 |c 45978  |d 45978 
997 |a KP 
952 |0 0  |1 0  |2 lcc  |4 0  |7 0  |9 68269  |a PLHKI  |b PLHKI  |c Open Shelf  |d 2019-02-26  |e JEND  |g 22.20  |l 3  |o BD450 M53 2012  |p 0000109574  |r 2016-09-27  |s 2016-09-27  |w 2019-02-26  |y BOK - OS